Tinguely
Gespeichert in:
| 1. Verfasser: | |
|---|---|
| Format: | Buch |
| Sprache: | Französisch |
| Veröffentlicht: |
París
Centre Georges Pompidou
1988
|
| Ausgabe: | 2a. ed |
| Schlagworte: | |
| Tags: |
Tag hinzufügen
Keine Tags, Fügen Sie den ersten Tag hinzu!
|
MARC
| LEADER | 00000nam a2200000 a 4500 | ||
|---|---|---|---|
| 001 | UCV9910 | ||
| 003 | CL-VaPUC | ||
| 008 | 930723e19880000FR |||||||||||||||||fre|d | ||
| 082 | 0 | 4 | |a 730.92 |b HUL |2 21 |
| 100 | |a Hulten, Karl Gunnar Pontus |e author |9 303898 | ||
| 245 | 1 | 0 | |a Tinguely |
| 250 | |a 2a. ed | ||
| 300 | |a 397 p | ||
| 942 | |c BK | ||
| 945 | |d 19930723 00:00:00 | ||
| 260 | |a París |b Centre Georges Pompidou |c 1988 | ||
| 600 | 0 | 7 | |a TINGUELY, JEAN |2 CL-VaPUC |9 268869 |
| 650 | 0 | |a Escultores |9 267159 | |
| 583 | |a last modification |c 19930723 00:00:00 |k Rodrigo Vera | ||
| 999 | |c 215181 |d 215179 | ||
| 952 | |0 0 |1 0 |4 0 |6 730_920000000000000_HUL_1988 |7 0 |8 A |9 199204 |a BIBARQ |b BIBARQ |d 2019-11-14 |i 2665271 |l 1 |o 730.92 HUL 1988 |p 2665271 |r 2025-01-20 |s 2023-10-11 |w 2019-11-14 |y BK |k ARQ | ||